000
00318nam a22001457a 4500
003
OSt
008
220521b ||||| |||| 00| 0 eng d
020
_a
978-0-3494-1368-6
082
_a
650.1 NED
100
_a
NEWPORT,Cal
245
_a
Deep Work
260
_a
U.K.
_b
Piatkus
_c
2016
300
_a
296
942
_2
ddc
_c
BK
999
_c
11237
_d
11237